Seminario nacional sobre actualización en conservación de suelos y laderas : (Registro nro. 219)

Detalles MARC
000 -CABECERA
Campo de control 00862nam a2200241 i 4500
005 - FECHA Y HORA DE LA ULTIMA TRANSACCION
Campo de control 20160115091631.0
008 - ELEMENTOS DE LONGITUD FIJA—INFORMACION GENERAL
Campo de control 140219s1996 ck ||||| |||| 00| 0 spa d
040 ## - FUENTE DE CATALOGACIÓN
Agencia catalogadora original CO-BoIAVH
Agencia transcriptora CO-BoIAVH
041 ## - IDIOMA
Código de idioma para texto/pista de sonido o título separado Español
044 ## - PAÍS DE PUBLICACIÓN
País de publicación Colombia
082 04 - NUMERO DE CLASIFICACION DECIMAL DEWEY
Número de clasificación 333.7316
Número del ítem S47s
100 1# - ASIENTO PRINCIPAL--NOMBRE PERSONAL
Nombre personal .
9 (RLIN) 51437
111 2# - ASIENTO PRINCIPAL--NOMBRE DE REUNION
Nombre de reunión o de jurisdicción como elemento de entrada Seminario Nacional sobre Actualización en Conservación de Suelos y Laderas
Lugar de la reunión Santafé de Bogotá, Colombia
Fecha de la reunión 1996
9 (RLIN) 51438
245 00 - MENCION DE TITULO
Título Seminario nacional sobre actualización en conservación de suelos y laderas :
Parte restante del título memorias
260 ## - PUBLICACION, DISTRIBUCION, ETC. (PIE DE IMPRENTA)
Lugar de publicación, distribución, etc. Bogotá :
Nombre del editor, distribuidor, etc. INAT,
Fecha de publicación, distribución, etc. 1996.
300 ## - DESCRIPCION FISICA
Extensión 207 p.
650 14 - ASIENTO SECUNDARIO DE MATERIA - TERMINO TEMATICO
Término temático o nombre geográfico como elemento de entrada Conservación de suelos
9 (RLIN) 51439
650 24 - ASIENTO SECUNDARIO DE MATERIA - TERMINO TEMATICO
Término temático o nombre geográfico como elemento de entrada Ecología de suelos
9 (RLIN) 51440
700 ## - ASIENTO SECUNDARIO - NOMBRE PERSONAL
Nombre personal Kurabe, Akihiko,
Término de relación editor.
9 (RLIN) 6980
700 ## - ASIENTO SECUNDARIO - NOMBRE PERSONAL
Nombre personal González Quiroga, Rafael A.,
Término de relación editor.
9 (RLIN) 6977
700 ## - ASIENTO SECUNDARIO - NOMBRE PERSONAL
Nombre personal González Murillo, Carlos A.,
Término de relación editor.
9 (RLIN) 6981
942 ## - ELEMENTOS ADICIONALES (KOHA)
Tipo de ítem Libro
Sistema de clasificación Dewey Decimal Classification
Existencias
Withdrawn status Lost status Sistema de Clasificación Damaged status No para préstamo Colección Inventariado Ubicación Permanente Ubicación actual Fecha de adquisición Fuente de Valor Valor Total Checkouts Número topográfico Inventario / Código de Barras Date last seen Date checked out Ejemplar Price effective from Forma de adquisición Tipo de material
    Dewey Decimal Classification     General Inventariado 2017 Bogotá Bogotá 24/12/1997 Instituto 39000.00 1 LB-333.7316 S47s 000277 11/02/2020 11/02/2020 Ej. 1 04/12/2012   Libro